| 000 | 01856nam a2200409 c 4500 | ||
|---|---|---|---|
| 003 | BLK | ||
| 005 | 20180422103846.0 | ||
| 008 | 180408b bul|||||r ||||||| ||bul|| | ||
| 010 | _aKNG00084564000 | ||
| 020 |
_a978-954-524-566-4 _bиздат.: Унив. изд. Св. Климент Охридски |
||
| 040 | _aBLK | ||
| 041 |
_aBUL _cBUL |
||
| 080 |
_aМеждународни политически отношения. Световна политика. Международна политика. Дипломация _b327 _x(44:497(091)) _z327(44:497(091)) |
||
| 080 |
_aИстория на балканските държави _b94(497) _x _z94(497) |
||
| 100 | 1 |
_aГлушков, Христо Стефанов _eпърви автор _9369250 |
|
| 139 |
_aГлушков, Христо Стефанов _bГ 56 |
||
| 245 | 1 | 0 |
_aФренската дипломация на Балканите 1875-1886 г. _cХристо Стефанов Глушков. |
| 246 | 1 | 1 | _aLa diplomatie franciase dans les Balkans de 1875 a 1886 |
| 257 | _aBGR | ||
| 260 |
_аВ. Търново _bУнив. изд. Св. Климент Охридски _c2007 _fВ. Търново : Фабер |
||
| 300 |
_a412 с. _c24 см |
||
| 380 | _a3 | ||
| 500 | _aБиблиогр. след отд. гл. | ||
| 650 | 4 |
_aФранция - външна политика - история _9260439 |
|
| 650 | 4 |
_aДипломация _9153505 |
|
| 651 | 4 |
_aФранция _9179722 |
|
| 651 | 4 |
_aБалканите _9178566 |
|
| 653 | _aвъншна политика | ||
| 653 | _aдипломация | ||
| 653 | _aистория | ||
| 720 |
_aChristo Glouchkov _eпаралелен автор |
||
| 852 | _aЦб 240606 | ||
| 856 | 4 |
_qpdf _u |
|
| 856 | 4 |
_qpdf _u |
|
| 942 |
_cKNG _n0 |
||
| 944 |
_aCR _c21.07.2008 _lф / _kНаталия_Медовщикова |
||
| 944 |
_aED _c27.02.2015 _lф / _kТеодора_Стоянова |
||
| 999 |
_c80080 _d80080 |
||